Un ou Une ? - Statistiques

Statistiques générales
  • Ce quiz a été pris 221 fois
  • Le résultat moyen est 13 sur 20
Statistiques - réponses
Question Réponse % Correct
Ascenseur Un
100%
Éclair Un
95%
Oreiller Un
90%
Job Un
86%
Appétit Un
86%
Orteil Un
86%
Moustiquaire Une
86%
Ovule Un
76%
Après-Midi Un et Une
62%
Entracte Un
57%
Pétale Un
57%
Tentacule Un
52%
Haltère Un
52%
Oasis Une
48%
Chips Des
43%
Alvéole Un
43%
Testicule Un
43%
Anagramme Une
38%
Orbite Une
38%
Échappatoire Une
19%
Aucun quiz correspondant
Distribution des résultats
% des personnes avec chaque résultat
Percentile par nombre de réponses
Votre historique - résultats
Vous n’avez pas pris ce quiz